000 003090000a22001570004500
001 002491
003 MACL
040 _aMACL
090 _c14484
_d14483
100 _aOutlook
245 _aOutlook Traveller
260 _c2004
_bOutlook
350 _a225
650 _aSerial Publication
942 _k50
_cBOOK
999 _c14402
_d14402